Los fundamentos de la retórica /
Guardado en:
| Autor Principal: | |
|---|---|
| Formato: | Libro |
| Publicado: |
Bahía Blanca :
Ediuns,
2001
|
| Materias: | |
| Etiquetas: |
Agregar Etiqueta
Sin Etiquetas, Sea el primero en etiquetar este registro!
|
| LEADER | 00522nam a22001815a 4500 | ||
|---|---|---|---|
| 001 | EHU.bham045151 | ||
| 003 | AR-BHAM | ||
| 005 | 20180418131844.0 | ||
| 008 | 130507s2001##################000#0#####d | ||
| 020 | |a 987928156X | ||
| 082 | 8 | 0 | |a 808 |
| 100 | 1 | |a López Eire, Antonio | |
| 245 | 1 | 0 | |a Los fundamentos de la retórica / |c Antonio López Eire |
| 260 | |a Bahía Blanca : |b Ediuns, |c 2001 | ||
| 300 | |a 80 p. | ||
| 653 | |a Retórica | ||
| 653 | |a Literatura y retórica | ||
| 859 | |a AR-BHAM |b BIB. HUMANIDADES - General |h 808 |i L881-1 |p 69.18 |t Ej.1 | ||
